বসতবাড়ী, গুদাম ও ফসলের সমন্বিত বালাই ব্যবস্থাপনা / (Record no. 4416)

MARC details
000 -LEADER
fixed length control field 00927nam a22002177a 4500
001 - CONTROL NUMBER
control field BD-DhSAU 4416
003 - CONTROL NUMBER IDENTIFIER
control field BD-DhSAU
005 - DATE AND TIME OF LATEST TRANSACTION
control field 20150418130909.0
008 - FIXED-LENGTH DATA ELEMENTS--GENERAL INFORMATION
fixed length control field 150217b1998 bg a|||| |||| 00| 0 eng d
040 ## - CATALOGING SOURCE
Original cataloging agency BD-DhSAU
082 ## - DEWEY DECIMAL CLASSIFICATION NUMBER
Edition number 22
Classification number ৬৩২.৯
Item number সরফু
100 ## - MAIN ENTRY--PERSONAL NAME
Personal name সরকার, সন্তোষ কুমার
245 ## - TITLE STATEMENT
Title বসতবাড়ী, গুদাম ও ফসলের সমন্বিত বালাই ব্যবস্থাপনা /
Statement of responsibility, etc. সন্তোষ কুমার সরকার
260 ## - PUBLICATION, DISTRIBUTION, ETC. (IMPRINT)
Place of publication, distribution, etc. ঢাকা :
Name of publisher, distributor, etc. কৃষি সম্প্রসারন অধিদপ্তর ,
Date of publication, distribution, etc. ১৯৯৮.
300 ## - PHYSICAL DESCRIPTION
Extent iv, ৯২ পৃ। :
Other physical details চিত্র ;
Dimensions ২২ সে মি।
504 ## - BIBLIOGRAPHY, ETC. NOTE
Bibliography, etc গ্রন্থপঞ্জী
590 ## - Name of Cataloguer
Name of Cataloger Jerin
650 ## - SUBJECT ADDED ENTRY--TOPICAL TERM
Topical term or geographic name as entry element বালাই ব্যবস্থাপনা
650 ## - SUBJECT ADDED ENTRY--TOPICAL TERM
Topical term or geographic name as entry element ফুল
650 ## - SUBJECT ADDED ENTRY--TOPICAL TERM
Topical term or geographic name as entry element ফল
942 ## - ADDED ENTRY ELEMENTS (KOHA)
Source of classification or shelving scheme Dewey Decimal Classification
Koha item type Book
Holdings
Withdrawn status Lost status Source of classification or shelving scheme Damaged status Not for loan Home library Branch Name Shelving location Date acquired Total Checkouts Full call number Barcode Date last seen Price effective from Koha item type Checked out Date checked out Collection code Coded location qualifier Coded location qualifier
    Dewey Decimal Classification     SAU Library SAU Library General Stacks 30/06/1999   ৬৩২.৯ সরফু 27707 17/02/2015 17/02/2015 Book          
    Dewey Decimal Classification     SAU Library SAU Library General Stacks 30/06/1999   ৬৩২.৯ সরফু 27703 17/02/2015 17/02/2015 Book          
    Dewey Decimal Classification     SAU Library SAU Library General Stacks 30/06/1999   ৬৩২.৯ সরফু 27689 17/02/2015 17/02/2015 Book          
    Dewey Decimal Classification     SAU Library SAU Library General Stacks 30/06/1999 1 ৬৩২.৯ সরফু 27710 25/03/2019 17/02/2015 Book 23/06/2019 25/03/2019      
    Dewey Decimal Classification     SAU Library SAU Library General Stacks 30/06/1999   ৬৩২.৯ সরফু 27691 17/02/2015 17/02/2015 Book          
    Dewey Decimal Classification     SAU Library SAU Library General Stacks 30/06/1999   ৬৩২.৯ সরফু 27713 17/02/2015 17/02/2015 Book          
    Dewey Decimal Classification     SAU Library SAU Library General Stacks 30/06/1999   ৬৩২.৯ সরফু 27682 17/02/2015 17/02/2015 Book          
    Dewey Decimal Classification     SAU Library SAU Library General Stacks 30/06/1999   ৬৩২.৯ সরফু 27681 17/02/2015 17/02/2015 Book          
    Dewey Decimal Classification     SAU Library SAU Library General Stacks 30/06/1999   ৬৩২.৯ সরফু 27704 17/02/2015 17/02/2015 Book          
    Dewey Decimal Classification     SAU Library SAU Library General Stacks 30/06/1999   ৬৩২.৯ সরফু 27705 17/02/2015 17/02/2015 Book          
    Dewey Decimal Classification     SAU Library SAU Library General Stacks 30/06/1999   ৬৩২.৯ সরফু 27699 17/02/2015 17/02/2015 Book          
    Dewey Decimal Classification     SAU Library SAU Library General Stacks 30/06/1999   ৬৩২.৯ সরফু 27671 17/02/2015 17/02/2015 Book          
    Dewey Decimal Classification     SAU Library SAU Library General Stacks 30/06/1999   ৬৩২.৯ সরফু 27711 17/02/2015 17/02/2015 Book          
    Dewey Decimal Classification     SAU Library SAU Library General Stacks 30/06/1999   ৬৩২.৯ সরফু 27677 17/02/2015 17/02/2015 Book          
    Dewey Decimal Classification     SAU Library SAU Library General Stacks 30/06/1999   ৬৩২.৯ সরফু 27716 24/02/2015 24/02/2015 Book          
    Dewey Decimal Classification   Not For Loan SAU Library SAU Library Reference 24/08/1999   ৬৩২.৯ সরফু 27745 18/04/2015 18/04/2015 Book     Reference    
    Dewey Decimal Classification     SAU Library SAU Library General Stacks 17/05/2015 2 ৬৩২.৯ সরফু 27744 24/09/2025 17/05/2015 Book   08/09/2025   | |